000 00595nam a2200181 4500
001 117210
003 ES-MaACL
005 20240417111740.0
007 t|
008 071121s1965 sp r ||||1| spa d
100 1 _aPeña Hinojosa, Baltasar.
_990263
245 1 3 _aLa sociedad económica de Amigos del País
_b: bosquejo biográfico /
_cBaltasar Peña Hinojosa ; edición Angel Caffarena.
260 _aMálaga :
_bEl Guadalhorce,
_c1965.
300 _a78 p. ;
_c26 cm.
700 1 _aCaffarena, Ángel,
_d1914-1998
_933414
852 _aES-MaACL
_jC-26693
_bR.56036
999 _c117210
_d117210